000 01911nam a2200325Ia 4500
999 _c54109
_d54109
001 21164
003 GE_BSU
005 20210714182403.0
008 181216s2017||||ge |||||||||||||| ||geo||
020 _a9789941246128
040 _cGE_BSU
041 _ageo
080 _a339.138 ჩ-56
100 _aჩიარავალე, ბილ
_912266
245 _aბრენდინგი მარტივად /
_cბილ ჩიარავალე, ბარბარა ფინდელი ჩენქი ; მთარგმნელი მაია ვასაძე ; რედ. : ნატალია ჩიმაკაძე, ზურაბ აბაშიძე ; დიზაინერ თეკლა გიაშვილი.
264 _aთბილისი :
_bპალიტრა L,
_c2017.
300 _a402 გვ. ;
_c23 სმ.
490 _aწარმატების ბიბლიოთეკა-ლურჯი ოკეანე
500 _aბრენდინგი დღეს აქტუალური თემაა და აი, რატომ : იგი გზას უკვალავს მარკეტინგის წარმატებას
541 _h12ლ.76თ.
653 _aბრენდინგი მარტივად
653 _aეკონომიკა
653 _aმარკეტინგი
700 _aფინდელი ჩენქი, ბარბარა
_eავტორი
_912267
700 _aვასაძე, მაია
_eმთარგმნელი
_912263
700 _aჩიმაკაძე, ნატალია
_eრედაქტორი
_912268
700 _aაბაშიძე, ზურაბ
_eრედაქტორი
_91322
700 _aგიაშვილი, თეკლა
_eდიზაინერი
_912269
942 _cBK
_2udc